000 00341nam a2200133 i 4500
001 bg
100 1 _aPOPOV, A. F.
245 0 _aEkspluatacija priborov i reguljatorov na atomnych elektrostancijach /
_cA.F. Popov.
260 _aMoskva,
_c1970.
040 _cBPK
041 _apol
942 _cKS
008 s pl f |000 0 pol
999 _c13978
_d13978
856 _uhttp://koha.tu.koszalin.pl/cgi-bin/koha/opac-detail.pl?biblionumber=13978
_yKatalog online BPK